Statystyki dla Kapitanowie Polskich Reprezentacji

Kliknij tutaj aby rozwiązać quiz!

Ogólne statystyki

  • Ten quiz został rozwiązany 303 razy
  • Średni wynik to 3 z 8

Statystyki odpowiedzi

DrużynaKapitan% Poprawnych
Reprezentacja Polski w piłce nożnej mężczyznRobert Lewandowski
100%
Reprezentacja Polski w piłce siatkowej mężczyzn🏐Michał Kubiak
68%
Reprezentacja Polski U-21 w piłce nożnej mężczyznDawid Kownacki
60%
Reprezentacja Polski w piłce nożnej kobietKatarzyna Kiedrzynek
35%
Reprezentacja Polski w piłce siatkowej kobiet🏐Agnieszka Kąkolewska
21%
Reprezentacja Polski w koszykówce mężczyzn🏀Adam Waczyński
13%
Reprezentacja Polski w piłce ręcznej mężczyzn🤾Piotr Chrapkowski
9%
Reprezentacja Polski w piłce ręcznej kobiet🤾Karolina Kudłacz-Gloc
8%

Rozkład punktacji

Percentyl według liczby udzielonych odpowiedzi

Procent ludzi z każdym wynikiem

Twoja historia wyników

Nie rozwiązałeś tego quizu